RAjasthana : eka sarvekshana, (Record no. 70369)

MARC details
000 -LEADER
fixed length control field 00662cam a22002291 4500
001 - CONTROL NUMBER
control field sa 66006196
003 - CONTROL NUMBER IDENTIFIER
control field DLC
005 - DATE AND TIME OF LATEST TRANSACTION
control field 20260227112254.0
008 - FIXED-LENGTH DATA ELEMENTS--GENERAL INFORMATION
fixed length control field 840628s1965 ii ac 000 0 hino
010 ## - LIBRARY OF CONGRESS CONTROL NUMBER
LC control number sa 66006196
025 ## - OVERSEAS ACQUISITION NUMBER
Overseas acquisition number PL480:I-H-2770
035 ## - SYSTEM CONTROL NUMBER
System control number (OCoLC)21640141
040 ## - CATALOGING SOURCE
Original cataloging agency DLC
Transcribing agency CU
Modifying agency DLC
042 ## - AUTHENTICATION CODE
Authentication code premarc
050 00 - LIBRARY OF CONGRESS CALL NUMBER
Classification number DS485.R2
Item number P3
100 1# - MAIN ENTRY--PERSONAL NAME
Personal name Pāṇḍeya, Phūlacandra.
245 10 - TITLE STATEMENT
Title RAjasthana : eka sarvekshana,
Remainder of title smarika.
Statement of responsibility, etc. Sampadaka Phūlacandra Pāṇḍeya.
260 ## - PUBLICATION, DISTRIBUTION, ETC.
Place of publication, distribution, etc. [Jayapura,
Name of publisher, distributor, etc. Ānanda Prakāśana, 1965]
300 ## - PHYSICAL DESCRIPTION
Extent 177 p.
Other physical details illus., ports.
Dimensions 25 cm.
500 ## - GENERAL NOTE
General note In Hindi.
651 #0 - SUBJECT ADDED ENTRY--GEOGRAPHIC NAME
Geographic name Rajasthan (India)

No items available.

Powered by Koha